Statistics for Hallelujah - Leonard Cohen (Lyrics)

Click here to take the quiz!

General Stats

  • This quiz has been taken 74 times
  • The average score is 231 of 348

Answer Stats

Answer% Correct
a
96%
Hallelujah
96%
I
96%
The
96%
the
96%
and
90%
And
90%
It
90%
it
90%
you
90%
you?
90%
You
90%
do
88%
hear
88%
There
88%
there
88%
fifth
85%
heard
85%
That
85%
that
85%
this
85%
fourth
83%
Lord
83%
minor
83%
played
83%
secret
83%
Was
83%
was
83%
care
81%
David
81%
don’t
81%
for
81%
goes
81%
king
81%
like
81%
major
81%
music
81%
But
79%
but
79%
chord
79%
I’ve
79%
really
79%
pleased
77%
she
75%
She
75%
so
75%
your
75%
Your
75%
her
73%
Her
73%
to
73%
composing
71%
cut
71%
hair
71%
we
71%
broke
69%
chair
69%
kitchen
69%
from
67%
lips
67%
baffled
65%
drew
65%
broken
63%
on
63%
Well
63%
well
63%
beauty
60%
needed
60%
not
60%
tied
60%
cold
58%
It’s
58%
it’s
58%
love
58%
roof
58%
saw
58%
who
58%
all
56%
me
56%
moonlight
56%
seen
56%
when
56%
at
54%
faith
54%
know
54%
proof
54%
strong
54%
ever
52%
falls
52%
is
52%
light
52%
night
50%
throne
50%
before
48%
God
48%
knew
48%
learned
48%
overthrew
48%
bathing
46%
how
46%
lifts
46%
time
46%
been
44%
in
44%
there’s
44%
There’s
44%
above
42%
cry
42%
march
42%
now
42%
Now
42%
somebody
42%
too
42%
victory
42%
who’s
42%
here
40%
maybe
40%
of
40%
shoot
40%
what’s
40%
What’s
40%
arch
38%
every
38%
let
38%
bellow
35%
my
35%
outdrew
35%
did
33%
going
33%
marble
33%
never
33%
walked
33%
alone
31%
live
31%
room
31%
With
31%
holy
29%
moved
29%
show
29%
Baby
27%
breath
27%
even
27%
flag
27%
I’ll
27%
truth
27%
moving
25%
used
25%
remember
23%
Song
23%
though
23%
best
21%
feel
21%
single
21%
come
19%
doesn’t
19%
dove
19%
if
19%
nothing
19%
stand
19%
took
19%
didn’t
17%
door
17%
matter
17%
or
17%
wasn’t
17%
wrong
17%
couldn’t
15%
much
15%
tongue
15%
touch
15%
went
15%
tried
13%
word
13%
fool
10%
known
10%
say
10%
told
10%
vain
10%
which
10%
blaze
8%
name
8%

Score Distribution

Percentile by Number Answered

Percent of People with Each Score

Your Score History

You have not taken this quiz